000 00504nam a22001457a 4500
003 OSt
082 _a631.587
_bFOU/M
088 _aT 492
100 _aFousiya
_94796
245 _aModelling the impact of conservation structures and climate change of water yield in a watershed
260 _aTavanur
_bDept. of Irrigation and Drainage Engineering
_c2020
700 _aAnu Varghese (guide)
_94210
856 _uhttps://drive.google.com/file/d/1aBdOjY0AsjGYAD4NsutHZk-Ld5G8cWkr/view?usp=sharing
942 _cTH
999 _c16392
_d16392